• 首页
  • 本馆介绍
  • 公告通知
  • 最新文献
  • 馆藏检索
  • 电子资源
  • 读者导购
  • 参考咨询
  • 我的图书馆
  • 登录
  • 详细信息显示
  • 放入我的书架
  • 预约/预借图书
  • 作者相关作品
  • 分类相关作品
  • 丛书相关作品
  • 出版社相关作品

书目信息

  • 表格格式
  • 工作单格式
  • 卡片格式
题名:
乡村振兴背景下的乡村景观发展研究
    
 
作者: 任亚萍 , 周勃 , 王梓 著
分册:  
出版信息: 北京   中国水利水电出版社  2019
页数: 270页
开本: 24cm
丛书名:
单 册:
中图分类: TU982.29
科图分类:
主题词: 景观规划--jing guan gui hua--乡村规划--研究--中国
电子资源:
ISBN: 978-7-5170-6967-6
000 00937nam0 2200253 450
001 2159552868
005 20211011172912.0
010    @a978-7-5170-6967-6@dCNY76.00
100    @a20190406d2019 em y0chiy50 ea
101 0  @achi
102    @aCN@b110000
105    @aa z 000yy
106    @ar
200 1  @a乡村振兴背景下的乡村景观发展研究@Axiang cun zhen xing bei jing xia de xiang cun jing guan fa zhan yan jiu@f任亚萍,周勃,王梓著
210    @a北京@c中国水利水电出版社@d2019
215    @a270页@c彩图@d24cm
330    @a本书在全面论述乡村景观的基本理论问题的基础上,对乡村景观规划展开了深入分析。此外,还对乡村景观规划的案例、评价、建设和管理等做了系统的阐述。
606 0  @a景观规划@Ajing guan gui hua@x乡村规划@x研究@y中国
690    @aTU982.29@v5
701  0 @a任亚萍@Aren ya ping@4著
701  0 @a周勃@Azhou bo@4著
701  0 @a王梓@Awang zi@4著
801  0 @aCN@b百万庄@c20211009
905    @b1308720-23@dTU982.29@e1921@f4
    
    乡村振兴背景下的乡村景观发展研究/任亚萍,周勃,王梓著.-北京:中国水利水电出版社,2019
    270页:彩图;24cm
    
    
    ISBN 978-7-5170-6967-6:CNY76.00
    本书在全面论述乡村景观的基本理论问题的基础上,对乡村景观规划展开了深入分析。此外,还对乡村景观规划的案例、评价、建设和管理等做了系统的阐述。
●
相关链接 在E读中查询图书 在五车中查询图书 在当当中查询图书 在豆瓣中查询图书


正题名:乡村振兴背景下的乡村景观发展研究     索取号:TU982.29/1921         预约/预借

序号 登录号 条形码 馆藏地/架位号 状态 备注
1 1308720   213087201   第二样本阅览室/ [索取号:TU982.29/1921] 在馆    
2 1308721   213087210   第三借阅区/ [索取号:TU982.29/1921] 在馆    
3 1308722   213087229   第三借阅区/ [索取号:TU982.29/1921] 在馆    
4 1308723   213087238   第三借阅区/ [索取号:TU982.29/1921] 在馆    
唐山师范学院图书馆 欢迎您!
大连网信软件有限公司© 版权所有